00193nam a2200097Ia 4500003000400000040000800004041000700012245003600019260002200055362001800077LDD cLDD aen 0aIASSI quarterly : to be entered c1 Jul-31 Dec,2006 a25-25b01-Feb